000 02106nam0a22003611 4500
001 rc\436041
005 20260407151222.0
011 0 _a0234-5331`
021 _aRU
_b87-1896
035 _a(NLR Aleph) 005682535
090 _a7090076
_c7090076
100 _a20030616d1987 |||y0rusy50 ca
101 0 _arus
102 _aRU
105 _ay z||||||||
200 1 _aПроблемы безотходного производства в металлургии
_fБ.Н. Ласкорин, В.И. Чалов
_gМинистерство цветной металлургии СССР. ЦНИИ экономики и информации цветной металлургии
210 _aМосква
_cЦНИИцветмет экономики и информации
_d1987
215 _a25 с.
_d20
225 1 _aКомплексное использование сырья в цветной металлургии
_e(информационное обеспечение общесоюзных научно-технических программ)
_eобзорная информация
_fЦНИИ экономики и информации цветной металлургии
_vвып. 1
300 _aНа обложке авторы не указаны
320 _aБиблиогр.: с. 15
606 1 _aМеталлургия
_xБезотходная технология
_92097887
_3RU\NLR\AUTH\661572635
606 1 _aМеталлургия
_xБезотходное производство
_91145164
_3RU\NLR\AUTH\66137947
686 1 _aК3-642
700 1 _aЛаскорин
_bБ. Н.
_cхимик
_f1915-
_gБорис Николаевич
701 1 _7ca
_8rus
_aЧалов
_bВ. И.
_cд-р. экон. наук
_f1938-
_gВладимир Иванович
_9152271
_3RU\NLR\AUTH\770152309
712 0 2 _4475
_aЦНИИ экономики и информации цветной металлургии
_cМосква
_3RU\NLR\AUTH\8810026382
_9550971
801 0 _aRU
_bNLR
_gpsbo
801 1 _aRU
_bELAR
_2rusmarc
852 _aNLR
_jП10/6302 (1987, вып. 1)
942 _cBOOK
980 _aNB